000
00278nam a22001217a 4500
082
_a
494
_b
CHA/G
100
_a
CHADHURVEDHI, M. O
245
_a
GANDHI,NEHRU,TAGORE AND AMBEDKAR
260
_a
ILAHABAD
_b
VOHRA PUBLISHERS
300
_a
143
650
_a
ESSAY
_z
ILAHABAD
942
_c
BK
999
_c
4165
_d
4165